Statistiques concernant Intercommunalités de la Charente

Cliquez ici pour prendre le quiz!

Statistiques générales

  • Ce quiz a été pris 40 fois
  • Le résultat moyen est 4 sur 9

Statistiques - réponses

Nombres de communesIntercommunalités% Correct
38Communauté d'Agglomération du Grand Angoulême
100%
55Communauté d'Agglomération du Grand Cognac
90%
58Communauté de Communes de Charente Limousine
60%
32Communauté de Communes Val de Charente
50%
27Communauté de Communes La Rochefoucauld-Porte du Périgord
43%
13Communauté de Communes du Rouillacais
30%
50Communauté de Communes Lavalette Tude Dronne
23%
40Communauté de Communes des 4B Sud-Charente
20%
50Communauté de Communes Cœur de Charente
7%

Distribution des résultats

Percentile par nombre de réponses

% des personnes avec chaque résultat

Votre développement - résultats

Vous n’avez pas pris ce quiz